| 000 | 02882cab a2200277 ab4500 | ||
|---|---|---|---|
| 005 | 20250205132735.0 | ||
| 008 | 991125c2018 mx fr p o 000 0 spa d | ||
| 035 | _aUPN01000230795 | ||
| 040 |
_aMX-MxUPN _bSPA _cMX-MxUPN _eAACR2 |
||
| 049 | _aART-E | ||
| 100 | 1 |
_aSalas Rueda, Ricardo Adán _6- ricardo.salas@ulsa.mx |
|
| 245 | 1 | 0 | _aUso del servicio en la nube GeoGebra durante el proceso enseñanza-aprendizaje sobre las matemáticas |
| 506 | 0 | _aAcceso abierto | |
| 520 | 3 | _aLas universidades tienen la oportunidad de modificar las estrategias didácticas y los métodos educativos a través de las Tecnologías de Información y Comunicación (TIC). En particular, el servicio en la nube está transformando la interacción entre los participantes del proceso de enseñanza-aprendizaje en el siglo XXI debido a que el acceso, el almacenamiento y la distribución de la información se realizan desde cualquier lugar. Además, los estudiantes no necesitan instalar ningún programa en las computadoras y los dispositivos móviles para utilizar el servicio en la nube. El propósito de esta investigación cuantitativa es analizar el impacto del servicio en la nube GeoGebra en la Unidad didáctica Desigualdades lineales. La muestra está compuesta por 78 estudiantes que cursaron la asignatura Matemáticas intermedias para los negocios durante los ciclos escolares 2017, 2016 y 2015. El grupo experimental (31 alumnos) realizó cuatro prácticas de laboratorio sobre los temas de Desigualdad lineal, Sistema de desigualdades lineales, Función objetivo y Aplicaciones de las desigualdades por medio del servicio en la nube GeoGebra. Los resultados obtenidos permiten afirmar que GeoGebra es una aplicación útil y fácil para graficar las funciones, identificar las regiones y coordenadas en la gráfica, reconocer la región solución y asimilar el conocimiento sobre los temas del álgebra. Incluso, los estudiantes están satisfechos de utilizar esta herramienta tecnológica en la Unidad didáctica Desigualdades lineales. Asimismo, el método ANOVA con los niveles de significancia 0.05 y 0.03 confirma que el servicio en la nube GeoGebra mejora el rendimiento académico de los estudiantes. En conclusión, GeoGebra representa una herramienta innovadora, creativa y útil para el área de las matemáticas. RIDE | |
| 541 | _aAcceso gratuito | ||
| 650 | 4 |
_aProceso enseñanza-aprendizaje _942 |
|
| 650 | 4 |
_aTecnología educativa _94978 |
|
| 653 | 0 | _aEnseñanza de las matemáticas | |
| 653 | 0 | _aServicio en la nube | |
| 773 |
_gVol. 8, no. 16 (2018), p. 1-30 _tRIDE: revista iberoamericana para la investigación y el desarrollo educativo _x2007-7467 |
||
| 856 | 4 | _uhttp://www.ride.org.mx/index.php/RIDE/article/view/331/1575 | |
| 856 | 4 | _uhttps://doi.org/10.23913/ride.v8i16.331 | |
| 902 | _aLeonor Sotres/050225 | ||
| 905 | _aArticulo | ||
| 942 | _cART-E | ||
| 999 |
_c202890 _d202890 |
||